logo

Bir Sreshtho Munshi Abdur Rouf Library
Jhenaidah Cadet College

ক্রীড়াঙ্গন থেকে রণাঙ্গন : (Record no. 12816)

MARC details
000 -LEADER
fixed length control field 00947nam a2200229 a 4500
001 - CONTROL NUMBER
JCCL Control Number 12816
003 - CONTROL NUMBER IDENTIFIER
JCCL marc code BD-JhCC
005 - DATE AND TIME OF LATEST TRANSACTION
control field 20230515202307.0
008 - FIXED-LENGTH DATA ELEMENTS--GENERAL INFORMATION
fixed length control field 230515s2022 b a|||| |||| 000 0 be d
020 ## - INTERNATIONAL STANDARD BOOK NUMBER
International Standard Book Number 9789847768946
035 ## - SYSTEM CONTROL NUMBER
system control number (BD-JhCC)12816
040 ## - CATALOGING SOURCE
Original cataloging agency BD-JhCC
Modifying agency BD-JhCC
041 ## - LANGUAGE CODE
Language code of Book ben
082 ## - DEWEY DECIMAL CLASSIFICATION NUMBER
Classification number 923.1
Author mark and Year KRI 2022
245 ## - TITLE STATEMENT
Title ক্রীড়াঙ্গন থেকে রণাঙ্গন :
Remainder of title শহিদ জুয়েল বীর বিক্রম স্মারকগ্রন্থ /
Number of part/section of a work গ্রন্থনায় রুবিনা হোসেন
260 ## - PUBLICATION, DISTRIBUTION, ETC. (IMPRINT)
Place of publication, distribution, etc ঢাকা :
Name of publisher, distributor, etc বাংলাদেশ ক্রিকেট সাপোর্টাস অ্যাসোসিয়েশন,
-- ঐতিহ্য,
Date of publication, distribution, etc ২০২২
300 ## - PHYSICAL DESCRIPTION
Pagination ৩৪২ পৃ. :
Dimensions ২২ সেমি.
600 ## - SUBJECT ADDED ENTRY--PERSONAL NAME
Personal name Juwel, Sohid
650 ## - SUBJECT ADDED ENTRY--TOPICAL TERM
Topical term or geographic name as entry element Sports
700 ## - ADDED ENTRY--PERSONAL NAME
Personal name হোসেন, রুবিনা
942 ## - ADDED ENTRY ELEMENTS (KOHA)
Source of classification or shelving scheme Dewey Decimal Classification
Koha item type Books
Holdings
Source of classification or shelving scheme Damaged status Not for loan Home library Current library Shelving location Date of accession Cost, normal purchase price Total Checkouts Full call number Barcode Date last seen Copy number Method of acquisition Koha item type Currency
Dewey Decimal Classification     JCC Rouf Library JCC Rouf Library General Stacks 05/15/2023 560.00   923.1 KRI 2022 17777 05/15/2023 C-1 Purchase Books BDT
Dewey Decimal Classification     JCC Rouf Library JCC Rouf Library General Stacks 05/18/2023 400.00   923.1 KRI 2022 17626 05/18/2023 C-2 Purchase Books BDT

JCC Library | Contacts | JCC Home

Last Update on 23 September 2017
Copyright @ 2017-2020 JCC Rouf Library
Rouf Library, Jhenidah Cadet College (JCC), Bangladesh